<?xml version="1.0" encoding="UTF-8"?>
<record
    xmlns:xsi="http://www.w3.org/2001/XMLSchema-instance"
    xsi:schemaLocation="http://www.loc.gov/MARC21/slim http://www.loc.gov/standards/marcxml/schema/MARC21slim.xsd"
    xmlns="http://www.loc.gov/MARC21/slim">

  <leader>01438nam a22002777a 4500</leader>
  <datafield tag="952" ind1=" " ind2=" ">
    <subfield code="0">0</subfield>
    <subfield code="1">0</subfield>
    <subfield code="2">lcc</subfield>
    <subfield code="4">0</subfield>
    <subfield code="7">0</subfield>
    <subfield code="a">09</subfield>
    <subfield code="b">09</subfield>
    <subfield code="d">2019-07-17</subfield>
    <subfield code="l">0</subfield>
    <subfield code="o">HV8079.55 H47</subfield>
    <subfield code="p">26 000029</subfield>
    <subfield code="r">2019-07-17</subfield>
    <subfield code="t">1</subfield>
    <subfield code="w">2019-07-17</subfield>
    <subfield code="y">LB</subfield>
  </datafield>
  <datafield tag="952" ind1=" " ind2=" ">
    <subfield code="0">0</subfield>
    <subfield code="1">0</subfield>
    <subfield code="2">lcc</subfield>
    <subfield code="4">0</subfield>
    <subfield code="7">0</subfield>
    <subfield code="a">09</subfield>
    <subfield code="b">09</subfield>
    <subfield code="d">2019-07-17</subfield>
    <subfield code="l">0</subfield>
    <subfield code="o">HV8079.55 H47</subfield>
    <subfield code="p">26 000030</subfield>
    <subfield code="r">2019-07-17</subfield>
    <subfield code="t">2</subfield>
    <subfield code="w">2019-07-17</subfield>
    <subfield code="y">LB</subfield>
  </datafield>
  <datafield tag="952" ind1=" " ind2=" ">
    <subfield code="0">0</subfield>
    <subfield code="1">0</subfield>
    <subfield code="2">lcc</subfield>
    <subfield code="4">0</subfield>
    <subfield code="7">0</subfield>
    <subfield code="a">09</subfield>
    <subfield code="b">09</subfield>
    <subfield code="d">2019-07-17</subfield>
    <subfield code="l">0</subfield>
    <subfield code="o">HV8079.55 H47</subfield>
    <subfield code="p">26 000031</subfield>
    <subfield code="r">2019-07-17</subfield>
    <subfield code="t">3</subfield>
    <subfield code="w">2019-07-17</subfield>
    <subfield code="y">LB</subfield>
  </datafield>
  <datafield tag="952" ind1=" " ind2=" ">
    <subfield code="0">0</subfield>
    <subfield code="1">0</subfield>
    <subfield code="2">lcc</subfield>
    <subfield code="4">0</subfield>
    <subfield code="7">0</subfield>
    <subfield code="a">25</subfield>
    <subfield code="b">25</subfield>
    <subfield code="d">2019-08-12</subfield>
    <subfield code="l">0</subfield>
    <subfield code="o">HV8079.55 H47</subfield>
    <subfield code="p">25 000041</subfield>
    <subfield code="r">2019-08-12</subfield>
    <subfield code="t">1</subfield>
    <subfield code="w">2019-08-12</subfield>
    <subfield code="y">LB</subfield>
  </datafield>
  <datafield tag="952" ind1=" " ind2=" ">
    <subfield code="0">0</subfield>
    <subfield code="1">0</subfield>
    <subfield code="2">lcc</subfield>
    <subfield code="4">0</subfield>
    <subfield code="7">0</subfield>
    <subfield code="a">01</subfield>
    <subfield code="b">01</subfield>
    <subfield code="d">2019-08-12</subfield>
    <subfield code="l">0</subfield>
    <subfield code="o">HV8079.55 H47</subfield>
    <subfield code="p">25 000042</subfield>
    <subfield code="r">2019-08-12</subfield>
    <subfield code="t">2</subfield>
    <subfield code="w">2019-08-12</subfield>
    <subfield code="y">LB</subfield>
  </datafield>
  <datafield tag="952" ind1=" " ind2=" ">
    <subfield code="0">0</subfield>
    <subfield code="1">0</subfield>
    <subfield code="2">lcc</subfield>
    <subfield code="4">0</subfield>
    <subfield code="7">0</subfield>
    <subfield code="a">01</subfield>
    <subfield code="b">01</subfield>
    <subfield code="d">2019-08-12</subfield>
    <subfield code="l">0</subfield>
    <subfield code="o">HV8079.55 H47</subfield>
    <subfield code="p">25 000043</subfield>
    <subfield code="r">2019-08-12</subfield>
    <subfield code="t">3</subfield>
    <subfield code="w">2019-08-12</subfield>
    <subfield code="y">LB</subfield>
  </datafield>
  <datafield tag="999" ind1=" " ind2=" ">
    <subfield code="c">104339</subfield>
    <subfield code="d">104339</subfield>
  </datafield>
  <controlfield tag="003">OSt</controlfield>
  <controlfield tag="005">20231102152114.0</controlfield>
  <controlfield tag="008">190717s    2011mx ao         000 0 spa d</controlfield>
  <datafield tag="040" ind1=" " ind2=" ">
    <subfield code="a">UIN</subfield>
  </datafield>
  <datafield tag="050" ind1=" " ind2="4">
    <subfield code="a">HV8079.55</subfield>
    <subfield code="b">H47</subfield>
  </datafield>
  <datafield tag="100" ind1="1" ind2=" ">
    <subfield code="a">Hern&#xE1;ndez Mota, Juan Mart&#xED;n</subfield>
    <subfield code="e"> , autor</subfield>
  </datafield>
  <datafield tag="245" ind1="1" ind2="0">
    <subfield code="a">Glosario t&#xE9;cnico de los accidentes de tr&#xE1;nsito</subfield>
    <subfield code="b"> : manual b&#xE1;sico de investigaci&#xF3;n de hechos de tr&#xE1;nsito terrestre</subfield>
    <subfield code="c"> / Juan Martin Hernandez Mota ; pr&#xF3;logo Gustavo A. Enciso </subfield>
  </datafield>
  <datafield tag="260" ind1=" " ind2=" ">
    <subfield code="a">M&#xE9;xico</subfield>
    <subfield code="b"> : Flores Editor y Distribuidor</subfield>
    <subfield code="c"> ,  2011</subfield>
  </datafield>
  <datafield tag="300" ind1=" " ind2=" ">
    <subfield code="a">xxxvii, 290 p&#xE1;ginas</subfield>
    <subfield code="b"> : ilustraciones, fotograf&#xED;as a color </subfield>
  </datafield>
  <datafield tag="490" ind1="0" ind2=" ">
    <subfield code="a">Investigaci&#xF3;n Forense </subfield>
    <subfield code="v"> ; 1 </subfield>
  </datafield>
  <datafield tag="504" ind1=" " ind2=" ">
    <subfield code="a">Bibliograf&#xED;a: pp. 287-290</subfield>
  </datafield>
  <datafield tag="519" ind1=" " ind2=" ">
    <subfield code="a">Modalidad Ejecutiva / </subfield>
    <subfield code="b">Criminal&#xED;stica / </subfield>
    <subfield code="c">Investigaci&#xF3;n de Hechos de Tr&#xE1;nsito (090501D11) / </subfield>
    <subfield code="d">(26 000029)</subfield>
  </datafield>
  <datafield tag="519" ind1=" " ind2=" ">
    <subfield code="a">Modalidad Ejecutiva / </subfield>
    <subfield code="b">Criminal&#xED;stica / </subfield>
    <subfield code="c">Investigaci&#xF3;n de Hechos de Tr&#xE1;nsito (090501D11) / </subfield>
    <subfield code="d">(26 000030)</subfield>
  </datafield>
  <datafield tag="519" ind1=" " ind2=" ">
    <subfield code="a">Modalidad Ejecutiva / </subfield>
    <subfield code="b">Criminal&#xED;stica / </subfield>
    <subfield code="c">Investigaci&#xF3;n de Hechos de Tr&#xE1;nsito (090501D11) / </subfield>
    <subfield code="d">(26 000031)</subfield>
  </datafield>
  <datafield tag="519" ind1=" " ind2=" ">
    <subfield code="a">Modalidad Ejecutiva / </subfield>
    <subfield code="b">Criminalistica / </subfield>
    <subfield code="c">Investigaci&#xF3;n de Hechos de Tr&#xE1;nsito (090501D11) / </subfield>
    <subfield code="d">(25 000041)  </subfield>
  </datafield>
  <datafield tag="519" ind1=" " ind2=" ">
    <subfield code="a">Material Complementario / </subfield>
    <subfield code="d">(25 000042) </subfield>
  </datafield>
  <datafield tag="519" ind1=" " ind2=" ">
    <subfield code="a">Material Complementario / </subfield>
    <subfield code="d">(25 000043) </subfield>
  </datafield>
  <datafield tag="650" ind1=" " ind2="4">
    <subfield code="a">ACCIDENTES DE TR&#xC1;NSITO</subfield>
    <subfield code="v">DICCIONARIOS</subfield>
  </datafield>
  <datafield tag="700" ind1="1" ind2=" ">
    <subfield code="a">Enciso, Gustavo A. </subfield>
    <subfield code="e"> , prologuista </subfield>
  </datafield>
  <datafield tag="942" ind1=" " ind2=" ">
    <subfield code="c">LB</subfield>
  </datafield>
</record>
